| 000 | 01684nam a22002537a 4500 | ||
|---|---|---|---|
| 999 |
_c56886 _d56886 |
||
| 003 | Ge_BSU | ||
| 005 | 20190610143152.0 | ||
| 008 | 190610s2012 ge ||||| |||| 00| 0 geo d | ||
| 020 | _a9789941195914[ | ||
| 041 | _ageo | ||
| 080 | _a27-9+27-242+27+246 გ–59 | ||
| 100 |
_aგოგებაშვილი, იაკობ _92095 |
||
| 245 |
_aსაღმრთო ისტორია : კოლექცია ბავშვებისათვის : 24 წიგნად : _bწ. 16 / _cიაკობ გოგებაშვილი ; მთ. რედ. მაია ალუდაური ; მხატვ.: გოჩა კაკაბაძე, მამუკა შენგელია ; ტექსტის რედ. მუშაობდნენ: ზურაბ სარჯველაძე, თამაზ ტონია, თამაზ ჩუბინიძე. |
||
| 264 |
_aთბილისი : _bპალიტრა L, _c2012. |
||
| 300 |
_a48 გვ. : _bილ., _c21სმ. |
||
| 490 | _aჟურნალ "კარიბჭის" ბიბლიოთეკა | ||
| 500 | _aიბეჭდება სრ. საქ. კათოლიკოს-პატრიარქის ილია II-ის ლოცვა-კურთხევით. | ||
| 653 | _aრელიგია | ||
| 653 | _aქრისტიანობა | ||
| 700 |
_aალუდაური, მაია _eრედაქტორი _92096 |
||
| 700 |
_aსარჯველაძე, ზურაბ _eრედაქტორი _92320 |
||
| 700 |
_aტონია, თამაზ _eრედაქტორი _92097 |
||
| 942 |
_2udc _cBK |
||